Dốc người Tiểu thuyết
Wedi'i Gadw mewn:
| Prif Awdur: | |
|---|---|
| Fformat: | Llyfr |
| Iaith: | Undetermined |
| Cyhoeddwyd: |
H.
Hội nhà văn
2019
|
| Pynciau: | |
| Mynediad Ar-lein: | http://lrc.tdmu.edu.vn/opac/search/detail.asp?aID=2&ID=40751 |
| Tagiau: |
Ychwanegu Tag
Dim Tagiau, Byddwch y cyntaf i dagio'r cofnod hwn!
|
| Thư viện lưu trữ: | Trung tâm Học liệu Trường Đại học Thủ Dầu Một |
|---|
| LEADER | 00701nam a2200205Ia 4500 | ||
|---|---|---|---|
| 001 | TDMU_40751 | ||
| 008 | 210410s9999 xx 000 0 und d | ||
| 082 | |a 398.99591 | ||
| 090 | |b Đ406 | ||
| 100 | |a Đoàn, Hữu Nam | ||
| 245 | 0 | |a Dốc người | |
| 245 | 0 | |b Tiểu thuyết | |
| 245 | 0 | |c Đoàn Hữu Nam | |
| 260 | |a H. | ||
| 260 | |b Hội nhà văn | ||
| 260 | |c 2019 | ||
| 300 | |a 363 tr | ||
| 650 | |a Văn học hiện đại |x Văn học Việt Nam |v Tiểu thuyết; Tiểu thuyết |x Văn học |z Việt Nam | ||
| 856 | |u http://lrc.tdmu.edu.vn/opac/search/detail.asp?aID=2&ID=40751 | ||
| 980 | |a Trung tâm Học liệu Trường Đại học Thủ Dầu Một | ||